00369nam a2200145Ia 4500008004100000020001500041082001500056100002500071245003800096250000800134260003100142300001400173500002400187650001200211230524s9999 xx 000 0 und d a8120308484 a4.165bRAF aMohamad Rafiquzzaman 0aMicroprocessors and Microcomputer a6TH aNEW DELHIbUniversalc1998 aXVII;1075 aQuantity Number: 1 aComp-Sc